|
|
|
|
| LEADER |
01609nam a22004214a 4500 |
| 001 |
EBC253502 |
| 003 |
MiAaPQ |
| 005 |
20200520144314.0 |
| 006 |
m o d | |
| 007 |
cr cn||||||||| |
| 008 |
000620s2001 ne sb 001 0 eng |
| 020 |
|
|
|z 9004119183 (alk. paper)
|
| 035 |
|
|
|a (MiAaPQ)EBC253502
|
| 035 |
|
|
|a (Au-PeEL)EBL253502
|
| 035 |
|
|
|a (CaPaEBR)ebr10089120
|
| 035 |
|
|
|a (CaONFJC)MIL46449
|
| 035 |
|
|
|a (OCoLC)55599889
|
| 040 |
|
|
|a MiAaPQ
|c MiAaPQ
|d MiAaPQ
|
| 043 |
|
|
|a a-is---
|a a-tu---
|
| 050 |
|
4 |
|a HD6473.I754
|b J473 2001
|
| 082 |
0 |
4 |
|a 338.632/095694/420903
|2 21
|
| 100 |
1 |
|
|a Cohen, Amnon,
|d 1936-
|
| 245 |
1 |
4 |
|a The guilds of Ottoman Jerusalem
|h [electronic resource] /
|c by Amnon Cohen.
|
| 260 |
|
|
|a Leiden
|a Boston :
|b Brill,
|c c2001.
|
| 300 |
|
|
|a vi, 305 p.
|
| 490 |
1 |
|
|a The Ottoman Empire and its heritage,
|x 1380-6076 ;
|v v. 21
|
| 504 |
|
|
|a Includes bibliographical references (p. [297]-299)and index.
|
| 533 |
|
|
|a Electronic reproduction. Ann Arbor, MI : ProQuest, 2015. Available via World Wide Web. Access may be limited to ProQuest affiliated libraries.
|
| 650 |
|
0 |
|a Guilds
|z Jerusalem
|x History.
|
| 650 |
|
0 |
|a Jewish guilds
|z Jerusalem
|x History.
|
| 650 |
|
0 |
|a Industries
|z Jerusalem
|x History.
|
| 651 |
|
0 |
|a Jerusalem
|x Commerce
|x History.
|
| 651 |
|
0 |
|a Palestine
|x Commerce
|x History.
|
| 651 |
|
0 |
|a Turkey
|x History
|y Ottoman Empire, 1288-1918.
|
| 655 |
|
4 |
|a Electronic books.
|
| 710 |
2 |
|
|a ProQuest (Firm)
|
| 830 |
|
0 |
|a Ottoman Empire and its heritage ;
|v v. 21.
|
| 856 |
4 |
0 |
|u https://ebookcentral.proquest.com/lib/matrademy/detail.action?docID=253502
|z Click to View
|